| 000 | 00759nam a22002177a 4500 | ||
|---|---|---|---|
| 003 | OSt | ||
| 005 | 20260424031920.0 | ||
| 008 | 260424b |||||||| |||| 00| 0 eng d | ||
| 020 | _a978-621-427-112-2 | ||
| 040 |
_aOC _cDWC-Main Lib |
||
| 082 | _aFil. 306.99 M534v 2022 | ||
| 100 | _aMendoza, E. | ||
| 245 |
_aUnderstanding Culture, Society and Politics _cMendoza, Ernesto |
||
| 260 |
_aIntramuros Manila : _bLibrary Services and Publishing INC., _cc2022. |
||
| 300 |
_axii, 313 Pages : _bIllustration ; _c26cm. |
||
| 504 | _aIncludes Bibliographic References. | ||
| 650 | _a1. Cultural Policy. | ||
| 650 | _a2. Humanism. | ||
| 700 |
_aGarcia, Lomar _eAuthor |
||
| 942 |
_2ddc _cBK-FIL _hFil. 306.99 M534v 2022 _kFil. _n0 |
||
| 999 |
_c9838 _d9838 |
||